Klein Kirsteinsdorf

Titel: Klein Kirsteinsdorf : Ortsplan von Klein Kirsteinsdorf
Verfasser:
In: Osteroder Zeitung, Heft 58 (1982), Seite 672-676
alle Artikel anzeigen
Veröffentlicht: 1982
Format: Aufsatz
Sprache: Deutsch
Kein Bild verfügbar
X
alg: 39189033
001A    $01999:11-11-16 
001B    $01999:29-03-21 $t21:46:51.000 
001D    $01999:11-11-16 
001U    $0utf8 
001X    $00 
002@    $0Aox 
003@    $0391890336 
007A    $0391890336 $aHEB 
007T    $0Herd22327 
010@    $ager 
011@    $a1982 
021A    $aKlein Kirsteinsdorf $dOrtsplan von Klein Kirsteinsdorf 
028A    $aWeller $dHerbert 
031A    $e58 $h672-676 $j1982 
037A    $aKlein Kirsteinsdorf war ein Teil der Gemeinde Groß Kirsteinsdorf; Plan von 1939 
039B    $aIn $8--Abvc--. Osteroder Zeitung. - Osterode, 1954-. - ISSN 0030-638X $x198200000000058328 $9048244783 
045F    $a911.4382 $eDDC23BSB 
045F/01 $a911 
045F/03 $g4382 
045F/03 $g43832 

lok: 39189033 78

exp: 39189033 78 1 #EPN
201B/01 $019-04-17 $t10:52:36.000 
201U/01 $0utf8 
203@/01 $0787985899 
208@/01 $a11-11-16 $be 
209A/01 $a/ $f000 $x00 
220C/01 $aTitelaufnehmer: kl 
244Z/01 $2Trx $#Prusy Wschodnie i Zachodnie $8--Trx--Ost- und Westpreußen $x01 $939113373X 
244Z/01 $2Trx $#Groß Kirsteinsdorf Osterode $8--Trx--Kiersztanowo$gOstróda $x02 $9391153331 
244Z/01 $2Trx $8--Trx--Klein Kirsteinsdorf$gOsterode $x03 $9391156357 
244Z/01 $aGeschichte 1939 $x04 
244Z/01 $2Trx $#ülevaated kohad $#vietovės bendras $#overview cities $#ábrázolások, átfogó helyek $#miejscowości poszczególne $#dejiny miestne $#dějiny místní $#Ortsgeschichte $#Städte $#Orte $#miasta $#miestne dejiny $8--Trx--Darstellungen, übergreifende$gOrte $x05 $9391384228 
244Z/01 $2Trx $#linnaplaanid $#miestų planai $#city maps $#város térképek $#plany miast $#plány miest $#plány měst $8--Trx--Stadtpläne $x06 $9391369644 
244Z/01 $2Trx $8--Trx--Zeitschriftenaufsatz $x07 $9391384341 
245Z/01 $a13.03 $x01 
245Z/01 $a04.08 $x02 
247C/01 $82080>Marburg/Lahn, Herder-Institut, Forschungsbibliothek, Bibliographieportal $9336309341
LEADER 00000caa a22000002c 4500
001 391890336
003 DE-603
005 20210329214651.0
007 tu
008 161111s1982 xx |||| | u00||u|ger c
035 |a (DE-599)HEB391890336 
040 |a DE-603  |b ger  |c DE-603  |d DE-603 
041 |a ger 
082 0 4 |8 1\u  |a 911.4382  |q DE-101  |2 23/BSB 
085 |8 1\u  |b 911 
085 |8 1\u  |z 2  |s 4382 
085 |8 1\u  |z 2  |s 43832 
100 1 |a Weller, Herbert 
245 0 0 |a Klein Kirsteinsdorf  |b Ortsplan von Klein Kirsteinsdorf 
264 0 |c 1982 
500 |a Klein Kirsteinsdorf war ein Teil der Gemeinde Groß Kirsteinsdorf; Plan von 1939 
773 0 8 |i In  |t Osteroder Zeitung  |d Osterode, 1954-  |x 0030-638X  |g Heft 58 (1982), Seite 672-676  |w (DE-603)048244783  |w (DE-600)958693-3 
924 0 |9 2080  |a (DE-603)787985899  |b DE-2080  |c HES  |d d  |g /